01153nam a2200349Ia 4500001000500000005001700005008004100022020001500063020001800078040003500096084001100131100002700142245008900169250001900258264003300277300002700310336002700337337003300364338002800397490002100425521002900446534002400475586003600499650003600535650003900571650003300610650003600643650003800679650004300717700002300760700002000783599020251210150314.0160825s2001 sp g 000 0 spa  a8466304703 a9788466304702 aCO-BoRNBPbspaerdacCO-BoRNBP aN GRA11 aGrass, Günterd1927-13aEl tambor de hojalatacGünter Grass ; traducción Carlos Gerhard y Joaquin Mortiz a1a. edición  aMadridbSuma de Letrasc2001 a767 páginas c19 cm  atextobtxt2rdacontent asin mediaciónbn2rdamedia avolumenbnc2rdacarrier aPunto de Lectura aRecomendado para adultos f tDie blechtrommel aPremio Nobel de Literatura 1999142LEMBaNovela alemana ySiglo XX142LEMBaLiteratura alemanaySiglo XX142LEMB aNovela social alemana142LEMB aNiños en la literatura142LEMB aEmociones en la literatura142LEMB aVida cotidiana en la literatura1 aMortiz, Joaquín 1 aGerhard, Carlos